01092nam a2200253 a 450000100100000000500170001000800410002702000180006804000250008604100130011108200200012410000450014424500540018926000450024330000200028850000450030865000350035365000370038804900090042595201450043495201180057995201240069799900170082100002233720200930011706.0100930s2007 dr a 000 0 spa d a9789945410280 aDO-SdBNPbspacBNPHU17aspa2eng aPR863.44bR696g1 aRodríguez Guglielmoni, Linda M.92566610aThe galician /cLinda M. Rodríguez Guglielmoni. aSanto Domingo :bLetra Gráfica,c2007. a45 p. ;c14 cm. aIncluye datos biográficos de la autora 4aCuento puertorriqueño914127 4aLiteratura puertorriqueña9250 aBNPD 001054708DSaGRbGRcCTd2011-04-15iLF1l0oPR863.44 R696gp22337-30r2020-06-25te. 3, extraviadow2020-06-25yLFDSZPréstamo en sala 0010718PDaPDbPDcCTd2010-09-30iLF1l0oPR863.44 R696gp22337-10r2020-06-25w2020-06-25yLFPDZNo se presta 0010718PDaPDbPDcCTd2010-09-30iLF1l0oPR863.44 R696gp22337-20r2020-06-25te. 2w2020-06-25yLFPDZNo se presta c21835d21835